|
|
|
|
| LEADER |
00000nam a2200000 a 4500 |
| 001 |
vtls011709780 |
| 003 |
SK-MaSNL |
| 005 |
20260302090443.0 |
| 008 |
200228s2017 xo o g 000 0dslo |
| 015 |
|
|
|a SNBA2017/10
|
| 020 |
|
|
|a 9788081441424
|q (viaz.)
|
| 035 |
|
|
|a urn:nbn:sk:snk-am00da26
|
| 035 |
|
|
|a urn:nbn:sk:snk-am3hv3h
|
| 035 |
|
|
|a 17E7D477-1B1E-4C36-B90B-A56D8D608913
|
| 040 |
|
|
|a SNK
|b slo
|c SNK
|e AACR2
|
| 041 |
0 |
|
|a slo
|a eng
|
| 043 |
|
|
|a e-xo---
|
| 044 |
|
|
|a xo
|c SK
|
| 072 |
|
7 |
|a 913(437)
|x Geografia Česka a Slovenska, reálie, cestovanie
|2 konspekt
|
| 080 |
|
|
|a 908(437.64)
|2 2011
|
| 080 |
|
|
|a 778.35
|2 2011
|
| 080 |
|
|
|a (084.12)
|2 2011
|
| 100 |
1 |
|
|a Paprčka, Milan,
|d 1979-
|4 aut
|4 pht
|9 52208
|
| 245 |
1 |
0 |
|a Žilina z neba
|c Milan Paprčka a kolektív ; [autori fotografií: Milan Paprčka ... [et al.] ; autori textov: Martina Tršová, Mária Fábryová]
|
| 246 |
1 |
1 |
|a Žilina from Heaven
|
| 250 |
|
|
|a 1. vyd.
|
| 260 |
|
|
|a Banská Bystrica
|b CBS
|c 2017
|
| 300 |
|
|
|a 125 s., [32] s. fareb. fotogr. a text. príl.
|b fareb. fotogr.
|c 17 x 25 cm
|
| 366 |
|
|
|e 7600 výtlačkov
|
| 504 |
|
|
|a Biografické údaje
|
| 546 |
|
|
|a Súbežný názov a text v angličtine
|
| 650 |
0 |
7 |
|a letecká fotografia
|2 SNKPH
|9 51512
|
| 650 |
0 |
7 |
|a Aerial photography
|2 SNKPHeng
|9 310941
|
| 650 |
0 |
7 |
|a History and geography
|2 SNKPHeng
|9 265657
|
| 650 |
0 |
7 |
|a vlastiveda
|2 SNKPH
|9 3887
|
| 651 |
|
7 |
|a Žilina (Slovensko)
|2 SNKPHgeo
|9 28812
|
| 651 |
|
7 |
|a Žilina (Slovakia)
|2 SNKPHeng
|9 265991
|
| 655 |
|
7 |
|a fotografické publikácie
|2 SNKPH
|9 70483
|
| 655 |
|
7 |
|a Photographic publication
|2 SNKPHeng
|9 266858
|
| 700 |
1 |
|
|a Tršová, Martina
|4 aut
|9 429957
|
| 700 |
1 |
|
|a Fábryová, Maria
|4 aut
|9 43633
|
| 852 |
|
|
|a Štátna vedecká knižnica v Banskej Bystrici
|
| 919 |
|
|
|a 978-80-8144-142-4
|
| 999 |
|
|
|c 1196692
|d 1198622
|
| 952 |
|
|
|a SNK
|b SNK
|y PREZ
|7 0
|p 17A1272002
|o snkSD 86585
|i snk2017/20524
|8 0
|0 0
|1 0
|4 0
|d 2017-09-21
|f 1
|l 0
|r 2026-02-24 22:29:19
|w 2026-02-24
|
| 952 |
|
|
|a SNK
|b SNK
|y VYP
|7 0
|p 17A1272003
|o snkSD 86585 D1
|i snk2017/20525
|8 0
|0 0
|1 0
|4 0
|d 2017-09-21
|l 0
|r 2026-02-24 22:29:19
|w 2026-02-24
|